000 00258nam a2200109Ia 4500
008 220204s9999 xx 000 0 und d
082 _a82-3
_bINN
100 _aInnes, Hammond
245 4 _aThe Blue ice
260 _aGreat Britain
_bFontana
_c1976
942 _cBK
999 _c29265
_d29265